000 00786pab a2200181 454500
008 180718b2010 xxu||||| |||| 00| 0 eng d
100 _aGuha Roy, Jaytilak
245 _aRight to education: A futuristic perspective
260 _c2010
300 _ap.593-597.
362 _aJul-Sep
520 _aWithout education, we cannot see beyond ourselves and our narrow surroundings to the reality of global interdependence. Without education, we cannot realize how peoples of other races and religious share the same dreams, the same hopes. Without education, we cannot recognize the university of human aims and aspirations. - Reproduced.
650 _aEducation
650 _aRight to education
773 _aIndian Journal of Public Administration
908 _aN
909 _a89649
999 _c89649
_d89649